000 00662nam a22001817a 4500
005 20111212115222.0
020 _a9780007244416
_c75.00
037 _bBlueberry Books
100 _aMitton, Tony
_936767
245 _aTec and the cake /
_cby Tony Mitton; illustrated by Martin Chatterton
260 _aLondon
_bCollins
_c2007
270 _a77-85 Fulhom Palace Road, Hammersmith
_bLondon
300 _aLevel 1-book C (24p.)
_bill.
_c20cm(pbk)
490 _aRead at home
_936768
700 _a Chatterton, Martin
_936769
942 _2ddc
_cCH
_mMIT
999 _c59264
_d59264